000 00933nam a2200253Ia 4500
003 OSt
005 20221005113343.0
006 a|||||r|||| 00| 0
007 ta
008 221004b |||||||| |||| 00| 0 pan d
020 _a9788130204253 (hbk)
_cINR 260.00
024 _a38552
037 _b1019, 30/01/2018, H.K. Prakashan
_cTextual
040 _aCRL
_cCRL
_bpan
041 _2pan
_apan
082 _aY73(P153):351, 153Q7
100 _aਕਗ਼ਾਕ, ਕਿਰਪਾਲ, ਂਚ.
245 0 _aਪੰਜਾਬੀ ਸਭਿਆਚਾਰ ਤੇ ਲੋਕ ਪਹਿਰਾਵਾ
260 _aਪਟਿਆਲਾ
_bੁਪੁਬਲੀਕੇFਨ ਬਿਊਰੋ ਭਾਰਤ
_c2017
300 _a181ਪ0
_ccm.
650 _aਸਭਿਆਚਾਰ
942 _hY73(P153):351, 153Q7
_cTEXL
_2cc
999 _c1027883
_d1027883